The last eagle: The story of Khan
Wedi'i Gadw mewn:
| Prif Awdur: | |
|---|---|
| Fformat: | Llyfr |
| Iaith: | English |
| Cyhoeddwyd: |
New York, Estados Unidos
Crown Publishers
1974
|
| Pynciau: | |
| Tagiau: |
Ychwanegu Tag
Dim Tagiau, Byddwch y cyntaf i dagio'r cofnod hwn!
|
MARC
| LEADER | 00000nam a2200000Ia 4500 | ||
|---|---|---|---|
| 008 | 170316s9999 xx 000 0 eng d | ||
| 999 | |c 28773 |d 28773 | ||
| 040 | |a cru BVZT | ||
| 090 | |a F-810 E-1L | ||
| 100 | |a East, Ben | ||
| 245 | 4 | |a The last eagle: The story of Khan | |
| 260 | |a New York, Estados Unidos | ||
| 260 | |b Crown Publishers | ||
| 260 | |c 1974 | ||
| 300 | |a 144 páginas | ||
| 650 | |a LITERATURA ESTADOUNIDENSE |9 25 | ||
| 942 | |c 15 D |h F-810 E-1L |2 z | ||
